| 000 -ლიდერი |
| ფიქსირებული სიგრძის საკონტროლო ველი |
01150nam a22002177a 4500 |
| 003 - საკონტროლო ნომრის იდენტიფიკატორი |
| საკონტროლო ველი |
Ge_BSU |
| 005 - ბოლო ოპერაციის თარიღი და დრო |
| საკონტროლო ველი |
20250320131213.0 |
| 008 - ფიქსირებული სიგრძის მონაცემთა ელემენტები - ზოგადი ინფორმაცია |
| ფიქსირებული სიგრძის საკონტროლო ველი |
250318s2006 ge ||||| |||| 00| 0 geo d |
| 020 ## - წიგნის საერთაშორისო სტანდარტული ნომერი |
| International Standard Book Number |
9994052284 |
| 041 ## - ენის კოდი |
| Language code of text/sound track or separate title |
geo |
| 080 ## - უნივერსალური ათობითი კლასიფიკაციის ინდექსი |
| Universal Decimal Classification number |
61 : 574(075.8) : 614.7 ჟ-85 |
| 100 ## - მთავარი ჩანაწერი - პიროვნების სახელი |
| Personal name |
ჟორჟოლიანი, ცირა |
| 9 (RLIN) |
4979 |
| 245 ## - ცნობა სათაურის შესახებ |
| Title |
სამედიცინო ეკოლოგია : |
| Remainder of title |
[სახელმძღვ. სტუდ.] / |
| Statement of responsibility, etc |
ცირა ჟორჟოლიანი, ემზარი გორდაძე ; [რედ. : ელიკო აბზიანიძე] ; აკაკი წერეთლის სახ. უნ-ტი. |
| 264 ## - წარმოების, გამოცემის, დისტრიბუციის და სხვა ცნობები |
| გამოცემის, წარმოების, დისტრიბუციის... ადგილი |
ქუთაისი : |
| გამოცემის, წარმოების, დისტრიბუციის... სახელწოდება |
ქუთაისის უნ-ტის გამ-ბა, |
| გამოცემის, წარმოების, დისტრიბუციის... თარიღი |
2006. |
| 300 ## - ფიზიკური აღწერა |
| Extent |
372 გვ. : |
| Other physical details |
სქემ. ; |
| Dimensions |
20 სმ. |
| 504 ## - BIBLIOGRAPHY, ETC. NOTE |
| Bibliography, etc |
ბიბლიოგრ.: გვ. 365-367. |
| 520 ## - SUMMARY, ETC. |
| Summary, etc |
რეზ. ინგლ. და რუს. ენ. |
| 653 ## - INDEX TERM--UNCONTROLLED |
| Uncontrolled term |
სამედიცინო ეკოლოგია |
| 700 ## - ADDED ENTRY--PERSONAL NAME |
| Personal name |
გორდაძე, ემზარი |
| Relator term |
ავტორი |
| 9 (RLIN) |
24599 |
| 942 ## - ADDED ENTRY ELEMENTS (KOHA) |
| Source of classification or shelving scheme |
|
| Koha item type |
წიგნი |